Equipos de Primera Federación 24/25 - Estadísticas

Estadísticas generales
  • Esta prueba ha sido intentada 53 veces
    2 desde el último reinicio
  • La puntuación promedio es 27 de 40
Estadísticas de respuestas
EQUIPO % Correcto
AD Ceuta
100%
Atlético Madrid B
100%
Barcelona Atlètic
100%
Betis Deportivo
100%
CD Alcoyano
100%
CD Lugo
100%
Celta Vigo B
100%
CF Fuenlabrada
100%
Cultural Leonesa
100%
FC Andorra
100%
Hércules CF
100%
Osasuna B
100%
Real Madrid Castilla
100%
Real Murcia
100%
Real Sociedad B
100%
Recreativo de Huelva
100%
SD Ponferradina
100%
UD Ibiza
100%
Unionistas de Salamanca CF
100%
Zamora
100%
AD Alcorcón
50%
Antequera
50%
Athletic Club B
50%
Barakaldo CF
50%
Gimnástica Segoviana
50%
Gimnàstic de Tarragona
50%
Mérida AD
50%
Ourense CF
50%
Real Unión Club
50%
SD Amorebieta
50%
SD Tarazona
50%
Sevilla Atlético
50%
Villarreal B
50%
Algeciras CF
0%
Atlético Sanluqueño
0%
CD Arenteiro
0%
CF Intercity
0%
Marbella FC
0%
Sestao River
0%
Yeclano Deportivo
0%
No se encontraron pruebas coincidentes
Distribución de puntuación
Porcentaje de gente con cada puntuación
Porcentaje por número respondido
Historial de tus puntuaciones
No has intentado esta prueba desde el último reinicio